All Nations In Warthunder - Statistics

General Stats
  • This quiz has been taken 282 times
    147 since last reset
  • The average score is 15 of 31
Answer Stats
Answer % Correct
USSR
93%
Germany
89%
USA
88%
Japan
87%
China
85%
Israel
85%
Italy
85%
Sweden
85%
France
82%
UK
77%
Finland
58%
Canada
52%
Poland
52%
Hungary
49%
Australia
47%
India
46%
Norway
42%
South Africa
37%
Spain
37%
Netherlands
35%
Austria
32%
Argentina
30%
Romania
29%
Portugal
24%
Czech Republic
22%
Slovakia
20%
Vietnam
20%
Syria
16%
Lithuania
9%
Bangladesh
8%
Cuba
2%
No matching quizzes found
Score Distribution
Percent of People with Each Score
Percentile by Number Answered
Your Score History
You have not taken this quiz since the last reset